50 fotografías míticas: su historia al descubierto

Saved in:
Bibliografiske detaljer
Hovedforfatter: Koetzle, Hans-Michael (Author)
Format: Bog
Sprog:spansk
Udgivet: Colonia Taschen 2012
Fag:
Tags: Tilføj Tag
Ingen Tags, Vær først til at tagge denne postø!

MARC

LEADER 00000cam a2200000 a 4500
001 UCF2660
003 CL-VaPUC
008 120830e20120000GW |||||||||||||||||spa|d
020 |a 9783836528030 
082 0 4 |a 770  |b KOE  |2 21 
100 |a Koetzle, Hans-Michael  |e author  |9 564384 
245 1 0 |a 50 fotografías míticas: su historia al descubierto 
300 |a 304 p 
942 |c BK 
945 |d 20120830 00:00:00  |a dcastane 
260 |a Colonia  |b Taschen  |c 2012 
650 7 |a FOTOGRAFIA TECNICA  |2 CL-VaPUC  |9 308027 
650 0 |a Fotografías artísticas  |9 535989 
583 |a last modification  |c 20120830 10:25:00  |k Rodrigo Vera 
999 |c 349200  |d 349198 
952 |0 0  |1 0  |4 0  |6 770_000000000000000_KOE_2012  |7 0  |8 A  |9 451701  |a BIBING  |b BIBING  |d 2019-11-22  |i 4896475  |l 1  |o 770 KOE 2012  |p 4896475  |r 2025-03-06  |s 2025-01-03  |w 2019-11-22  |y BK  |k CUI 
952 |0 0  |1 0  |4 0  |6 770_000000000000000_KOE_2012  |7 0  |8 C  |9 451702  |a BIBCUR  |b BIBCUR  |d 2019-11-22  |i 4896327  |l 1  |o 770 KOE 2012  |p 4896327  |r 2025-04-22  |s 2022-12-01  |w 2019-11-22  |y BK  |k CAC 
952 |0 0  |1 0  |4 0  |6 770_000000000000000_KOE_2012  |7 0  |8 A  |9 451703  |a BIBEDU  |b BIBEDU  |d 2019-11-22  |i 4911474  |o 770 KOE 2012  |p 4911474  |r 2023-01-13  |w 2019-11-22  |y BK  |k CUE